| 000 | 00777njm a22002297a 4500 | ||
|---|---|---|---|
| 005 | 20100903105547.0 | ||
| 007 | sd ammalaaahaa | ||
| 008 | 100903t xxu||||| |||| 00| 0 eng d | ||
| 028 |
_aPOPV. 8004 _bHis Master's Voice |
||
| 035 | _aGR-439 | ||
| 040 | _aSED/VEN | ||
| 100 |
_aCogan, Alma _918031 |
||
| 245 |
_aThe little shoemaker / _cby Alma Cogan _h[sound recording] : |
||
| 246 | _aThe little shoemaker | ||
| 260 |
_aDum Dum India _bHis Master's Voice |
||
| 300 |
_a1 sound disc [Gramophone record] : _banalog, 33 1/3 rpm _c10 in. _fGramophone record |
||
| 500 | _aBrief record | ||
| 505 | _aChiqui - chaqui part 2 | ||
| 650 |
_aOrchestra _xExcerpts _zIndia _918032 |
||
| 942 |
_2ddc _cGR |
||
| 999 |
_c43484 _d43484 |
||